[Event "22. Aberto Xadrez Albariño"]
[Site "Cambados ESP"]
[Date "2006.08.03"]
[Round "1.2"]
[White "Galard Agustin, Tomas"]
[Black "Iotov, Valentin"]
[Result "0-1"]
[WhiteElo "1995"]
[BlackElo "2493"]
[PlyCount "218"]
[EventDate "2006.08.03"]
[EventType "swiss"]
[EventRounds "9"]
[EventCountry "ESP"]
[Source "lmi"]
[SourceDate "2006.08.11"]

1. Nf3 c5 2. c4 Nc6 3. Nc3 g6 4. g3 Bg7 5. Bg2 b6 6. O-O Bb7 7. d3 d6 8. e4 e6
9. Be3 Nd4 10. Qc1 Qd7 11. Rb1 h6 12. Re1 Ne7 13. Ne2 Nxf3+ 14. Bxf3 Nc6 15.
Bg2 Rc8 16. a3 h5 17. h4 Ne5 18. Rd1 Ng4 19. Bd2 O-O 20. f3 Ne5 21. Bh6 d5 22.
Bxg7 Kxg7 23. Qc3 d4 24. Qd2 f5 25. Rf1 fxe4 26. fxe4 Ng4 27. Rxf8 Rxf8 28. Rf1
Rxf1+ 29. Bxf1 Ne3 30. Nf4 Qf7 31. Qe2 Bc8 32. Ng2 Ng4 33. Ne1 Qc7 34. Qf3 b5
35. cxb5 Qa5 36. Qe2 Qxb5 37. Bh3 Ne5 38. g4 hxg4 39. Bxg4 c4 40. dxc4 Qxc4 41.
Qxc4 Nxc4 42. Nd3 Ne3 43. Be2 Ba6 44. Nf4 Bxe2 45. Nxe6+ Kf6 46. Nxd4 Ba6 47.
Nc6 Nc4 48. Kf2 Nxb2 49. Nxa7 Nc4 50. Kf3 Nxa3 51. Kf4 Bb7 52. e5+ Ke6 53. Kg5
Be4 54. Nc8 Bd3 55. h5 gxh5 56. Kxh5 Nc4 57. Kg5 Nxe5 58. Kf4 Nc4 59. Na7 Na5
60. Nc8 Bb5 61. Ke4 Nb3 62. Kf4 Nc5 63. Nb6 Ba6 64. Ke3 Ke5 65. Na8 Kd6 66. Kd4
Ne6+ 67. Kc3 Kc6 68. Kb4 Bb7 69. Nc7 Kxc7 70. Ka3 Kc6 71. Kb4 Kd5 72. Kc3 Ba6
73. Kb4 Bf1 74. Kc3 Kc5 75. Kb2 Ng5 76. Kb3 Ne4 77. Kc2 Kc4 78. Kb2 Bh3 79. Kc2
Bg4 80. Kb2 Bd1 81. Kc1 Ba4 82. Kb2 Kb4 83. Ka1 Nf2 84. Kb2 Nd3+ 85. Ka2 Bb3+
86. Kb1 Kc3 87. Ka1 Nb4 88. Kb1 Nc2 89. Kc1 Ba2 90. Kd1 Nd4 91. Kc1 Ne2+ 92.
Kd1 Kd3 93. Ke1 Ke3 94. Kf1 Nd4 95. Ke1 Bb3 96. Kf1 Bd1 97. Kg2 Nf5 98. Kf1 Bg4
99. Ke1 Nd6 100. Kf1 Ne4 101. Ke1 Bf3 102. Kf1 Kd2 103. Kg1 Ke2 104. Kh2 Bg4
105. Kg1 Nf6 106. Kh2 Kf2 107. Kh1 Be2 108. Kh2 Bf1 109. Kh1 Bg2+ 0-1

[Event "22. Aberto Xadrez Albariño"]
[Site "Cambados ESP"]
[Date "2006.08.03"]
[Round "1.3"]
[White "Nemeth, Francisc"]
[Black "Guaza Garcia, Alejandro"]
[Result "1-0"]
[WhiteElo "2458"]
[BlackElo "1990"]
[PlyCount "37"]
[EventDate "2006.08.03"]
[EventType "swiss"]
[EventRounds "9"]
[EventCountry "ESP"]
[Source "lmi"]
[SourceDate "2006.08.11"]

1. e4 e6 2. d4 d5 3. Nc3 Bb4 4. e5 c5 5. a3 Ba5 6. b4 cxb4 7. Nb5 Bc7 8. f4 Ne7
9. Nf3 O-O 10. Bd3 f6 11. exf6 gxf6 12. Nxc7 Qxc7 13. O-O e5 14. fxe5 fxe5 15.
Bh6 Rf6 16. Qd2 Bf5 17. Nh4 e4 18. Qg5+ Kf7 19. Nxf5 1-0

[Event "22. Aberto Xadrez Albariño"]
[Site "Cambados ESP"]
[Date "2006.08.03"]
[Round "1.4"]
[White "Salgado Gonzalez, Julio"]
[Black "Nanu, Ciprian"]
[Result "0-1"]
[WhiteElo "1986"]
[BlackElo "2457"]
[PlyCount "134"]
[EventDate "2006.08.03"]
[EventType "swiss"]
[EventRounds "9"]
[EventCountry "ESP"]
[Source "lmi"]
[SourceDate "2006.08.11"]

1. d4 b5 2. Bf4 Bb7 3. Nf3 e6 4. e3 a6 5. Bd3 Nf6 6. Nbd2 c5 7. c3 Nc6 8. a3
Be7 9. Qe2 Nh5 10. Bg3 d5 11. dxc5 Bxc5 12. Nb3 Be7 13. Nbd4 Nxg3 14. hxg3 Bf6
15. Rd1 Qb6 16. e4 dxe4 17. Bxe4 Ne7 18. Nh4 Rd8 19. f4 Bxd4 20. cxd4 Bxe4 21.
Qxe4 Qc6 22. Qxc6+ Nxc6 23. Nf3 Na5 24. Kf2 Nc4 25. Rb1 Ke7 26. Rhc1 Rc8 27.
Rc3 f6 28. Rbc1 Kd7 29. R1c2 Nd6 30. Ke2 Rxc3 31. bxc3 h5 32. Nd2 Kc6 33. c4
Nf5 34. cxb5+ Kxb5 35. Rc5+ Ka4 36. Kd3 Rd8 37. Kc3 Nd6 38. Kb2 Nb7 39. Rc7 Na5
40. Rc5 Rd5 41. Nb3 Nxb3 42. Rc4+ Kb5 43. Kxb3 g5 44. Kc3 Rf5 45. Rb4+ Kc6 46.
a4 a5 47. Rc4+ Kd6 48. Kd3 gxf4 49. gxf4 Rxf4 50. Rc5 e5 51. Rxa5 Rxd4+ 52. Ke3
f5 53. Ra8 f4+ 54. Kf3 Ke6 55. a5 Rd3+ 56. Ke2 Ra3 57. a6 Kd5 58. a7 Ke4 59.
Rh8 Rxa7 60. Rxh5 Ra2+ 61. Kf1 Kd4 62. Rh8 e4 63. Kg1 Ra1+ 64. Kh2 e3 65. Re8
Kd3 66. Kh3 e2 67. Rd8+ Ke3 0-1

[Event "22. Aberto Xadrez Albariño"]
[Site "Cambados ESP"]
[Date "2006.08.03"]
[Round "1.7"]
[White "Starostits, Ilmars"]
[Black "Lago Fernandez, Fernando"]
[Result "1-0"]
[WhiteElo "2445"]
[BlackElo "1955"]
[PlyCount "107"]
[EventDate "2006.08.03"]
[EventType "swiss"]
[EventRounds "9"]
[EventCountry "ESP"]
[Source "lmi"]
[SourceDate "2006.08.11"]

1. e4 e5 2. Nf3 Nc6 3. Nc3 Nf6 4. g3 d5 5. exd5 Nd4 6. Bg2 Bg4 7. h3 Bxf3 8.
Bxf3 Nxf3+ 9. Qxf3 Bd6 10. d3 h6 11. Bd2 Qd7 12. O-O-O O-O-O 13. g4 Bb4 14.
Rhe1 Nxd5 15. Nxd5 Bxd2+ 16. Rxd2 Qxd5 17. Qxd5 Rxd5 18. c4 Rd4 19. Rxe5 Kd7
20. Kc2 Re8 21. Rxe8 Kxe8 22. Re2+ Kd7 23. Re4 Rd6 24. Kc3 c5 25. d4 Rf6 26. f4
cxd4+ 27. Rxd4+ Kc6 28. Re4 Kd7 29. a3 a5 30. f5 g6 31. Re5 b6 32. Kd4 Kc6 33.
Rd5 gxf5 34. Rxf5 Rd6+ 35. Kc3 Re6 36. Kd2 Rd6+ 37. Kc2 Re6 38. Rxf7 Re2+ 39.
Kb1 Kc5 40. Rc7+ Kd6 41. Rh7 Re6 42. Kc2 Kc5 43. Rc7+ Kd6 44. Rf7 Re2+ 45. Kc1
Re6 46. Kd2 Kc5 47. Kd3 Kc6 48. Rf5 Kd6 49. b4 axb4 50. axb4 Kc6 51. Kd4 Kd6
52. b5 Rg6 53. c5+ bxc5+ 54. Rxc5 1-0

[Event "22. Aberto Xadrez Albariño"]
[Site "Cambados ESP"]
[Date "2006.08.03"]
[Round "1.8"]
[White "Montero Garcia, Francisco J"]
[Black "Bernal Moro, Luis Javier"]
[Result "0-1"]
[WhiteElo "1953"]
[BlackElo "2428"]
[PlyCount "86"]
[EventDate "2006.08.03"]
[EventType "swiss"]
[EventRounds "9"]
[EventCountry "ESP"]
[Source "lmi"]
[SourceDate "2006.08.11"]

1. d4 Nf6 2. c4 d6 3. Nc3 Nbd7 4. e4 e5 5. d5 a5 6. Nf3 g6 7. Be2 Bg7 8. O-O
O-O 9. Ne1 Nc5 10. f3 Nh5 11. Nd3 Nxd3 12. Bxd3 f5 13. Be3 b6 14. a3 Nf4 15.
Qd2 Nxd3 16. Qxd3 a4 17. Rac1 f4 18. Bd2 h5 19. Nb5 g5 20. h3 g4 21. hxg4 hxg4
22. Kf2 Rf7 23. Rh1 Qg5 24. Rcg1 Bf6 25. g3 Rg7 26. gxf4 exf4 27. Bc3 g3+ 28.
Kg2 Bxc3 29. Qxc3 Bd7 30. Nxc7 Rc8 31. Ne6 Bxe6 32. dxe6 Qe5 33. Rh4 Qxe6 34.
Rgh1 Rc5 35. Rg4 Qe5 36. Rxg7+ Kxg7 37. Rh4 Qxc3 38. bxc3 Rxc4 39. Rxf4 b5 40.
Kxg3 Rxc3 41. e5 dxe5 42. Rb4 Rb3 43. Rg4+ Kf6 0-1

[Event "22. Aberto Xadrez Albariño"]
[Site "Cambados ESP"]
[Date "2006.08.03"]
[Round "1.9"]
[White "Espiñeira Gonzalez, Diego"]
[Black "Minguela Muñoz, Bienvenido"]
[Result "1-0"]
[WhiteElo "2337"]
[BlackElo "1950"]
[PlyCount "107"]
[EventDate "2006.08.03"]
[EventType "swiss"]
[EventRounds "9"]
[EventCountry "ESP"]
[Source "lmi"]
[SourceDate "2006.08.11"]

1. e4 c5 2. Nf3 d6 3. d4 Nf6 4. Nc3 cxd4 5. Nxd4 Nc6 6. f3 e6 7. Be3 a6 8. Qd2
Qc7 9. g4 b5 10. O-O-O Bb7 11. Kb1 b4 12. Nce2 d5 13. Nxc6 Bxc6 14. e5 Nxg4 15.
fxg4 d4 16. Rg1 dxe3 17. Qxe3 Bd5 18. Rg3 Qc5 19. Nf4 Qxe3 20. Rxe3 Bc6 21. Bg2
Bxg2 22. Nxg2 Be7 23. Red3 O-O 24. Ne3 Rfd8 25. Nc4 Rxd3 26. Rxd3 Rd8 27. Rxd8+
Bxd8 28. c3 bxc3 29. b4 f5 30. exf6 Bxf6 31. Kc2 Kf8 32. Nb6 Ke7 33. Na4 Kd6
34. Nc5 Kd5 35. Nxa6 Kc4 36. a3 e5 37. Nc5 Kd4 38. g5 Be7 39. Nb3+ Kc4 40. Na5+
Kb5 41. h4 Bxb4 42. axb4 Kxb4 43. Nc6+ Kc4 44. Nxe5+ Kd4 45. Ng4 Ke4 46. Nf6+
Kf5 47. Nxh7 Kg6 48. Nf8+ Kh5 49. g6 Kxh4 50. Kxc3 Kg5 51. Kd4 Kf6 52. Kd5 Kf5
53. Kd6 Kf6 54. Kd7 1-0

[Event "22. Aberto Xadrez Albariño"]
[Site "Cambados ESP"]
[Date "2006.08.03"]
[Round "1.10"]
[White "Otero Chaves, Carlos"]
[Black "Garcia Castro, Pablo"]
[Result "0-1"]
[WhiteElo "1916"]
[BlackElo "2336"]
[PlyCount "46"]
[EventDate "2006.08.03"]
[EventType "swiss"]
[EventRounds "9"]
[EventCountry "ESP"]
[Source "lmi"]
[SourceDate "2006.08.11"]

1. e4 g6 2. d4 Bg7 3. f4 d6 4. Nf3 Nf6 5. Nc3 a6 6. Bd3 O-O 7. O-O b5 8. a3 c5
9. d5 Bb7 10. Qe1 Nbd7 11. Qh4 b4 12. axb4 cxb4 13. Ne2 Nc5 14. Ng3 e6 15. f5
exd5 16. fxg6 fxg6 17. e5 Nfe4 18. Bxe4 dxe4 19. Bg5 Qb6 20. Nd4 dxe5 21. Ndf5
gxf5 22. Nxf5 Rxf5 23. Rxf5 Nb3+ 0-1

[Event "22. Aberto Xadrez Albariño"]
[Site "Cambados ESP"]
[Date "2006.08.03"]
[Round "1.11"]
[White "Sanchez Aller, Fernando"]
[Black "Alonso Macias, Fernando"]
[Result "1-0"]
[WhiteElo "2299"]
[BlackElo "1907"]
[PlyCount "109"]
[EventDate "2006.08.03"]
[EventType "swiss"]
[EventRounds "9"]
[EventCountry "ESP"]
[Source "lmi"]
[SourceDate "2006.08.11"]

1. e4 d5 2. exd5 Nf6 3. d4 Bg4 4. Nf3 Qxd5 5. Be2 e6 6. O-O Nc6 7. h3 Qh5 8.
hxg4 Nxg4 9. Bf4 O-O-O 10. Nbd2 Bd6 11. Ne5 f5 12. Bxg4 fxg4 13. Ndc4 Bxe5 14.
Bxe5 b5 15. Qe2 bxc4 16. Qxc4 Nxe5 17. dxe5 Qxe5 18. Rfe1 Qd5 19. Qxg4 Qf5 20.
Qe2 Rd6 21. Rad1 Rhd8 22. Rxd6 Rxd6 23. c3 Kd7 24. Rd1 Ke7 25. Rxd6 cxd6 26. b4
Qb1+ 27. Kh2 Qc1 28. Qc4 Qh6+ 29. Kg3 Qg6+ 30. Kf3 Qf5+ 31. Ke2 Qe5+ 32. Kd2
Qf5 33. Ke2 Qe5+ 34. Kf1 Qh5 35. Qc7+ Kf6 36. Qxd6 Qh1+ 37. Ke2 Qh5+ 38. Ke3
Qh1 39. Qd4+ Kg6 40. g3 Qe1+ 41. Kf3 Qh1+ 42. Ke2 Qb7 43. Qg4+ Kh6 44. Qxe6+ g6
45. Qe3+ Kg7 46. Qe5+ Kh6 47. b5 Qa8 48. a4 Qb7 49. c4 a6 50. b6 Qc6 51. Qe3+
Kg7 52. Qd4+ Kh6 53. c5 Qb7 54. Qf4+ g5 55. Qf6+ 1-0

[Event "22. Aberto Xadrez Albariño"]
[Site "Cambados ESP"]
[Date "2006.08.03"]
[Round "1.14"]
[White "Oliveira, Eduardo"]
[Black "Menendez Rey, Javier"]
[Result "0-1"]
[WhiteElo "1836"]
[BlackElo "2255"]
[PlyCount "58"]
[EventDate "2006.08.03"]
[EventType "swiss"]
[EventRounds "9"]
[EventCountry "ESP"]
[Source "lmi"]
[SourceDate "2006.08.11"]

1. e4 Nf6 2. Nc3 d5 3. exd5 Nxd5 4. Nf3 Bg4 5. h3 Bxf3 6. Qxf3 c6 7. Bc4 e6 8.
O-O Be7 9. d4 O-O 10. Be3 Nd7 11. Bd3 Nb4 12. Rad1 a5 13. a3 Nxd3 14. Rxd3 a4
15. Ne2 Ra5 16. c4 Rf5 17. Qg3 Nf6 18. f4 b5 19. cxb5 Rxb5 20. Bc1 Nd5 21. Nc3
Nxc3 22. bxc3 Rb3 23. c4 Qxd4+ 24. Rxd4 Rxg3 25. Rd7 Bc5+ 26. Kh2 Rc3 27. f5
exf5 28. Rxf5 Rxc4 29. Bb2 Rc2 0-1

[Event "22. Aberto Xadrez Albariño"]
[Site "Cambados ESP"]
[Date "2006.08.03"]
[Round "1.15"]
[White "Cruz Alvarez, Dan"]
[Black "Soto Perez, Jaime"]
[Result "1-0"]
[WhiteElo "2219"]
[BlackElo "1820"]
[PlyCount "103"]
[EventDate "2006.08.03"]
[EventType "swiss"]
[EventRounds "9"]
[EventCountry "ESP"]
[Source "lmi"]
[SourceDate "2006.08.11"]

1. g3 g6 2. Bg2 Bg7 3. d3 e6 4. Nd2 d5 5. Ngf3 Nf6 6. O-O O-O 7. e4 dxe4 8.
dxe4 Nc6 9. Qe2 e5 10. Rd1 Qe7 11. c3 Rd8 12. b4 b6 13. a4 Bb7 14. Ba3 Qe8 15.
Re1 h6 16. Nc4 Rac8 17. b5 Nb8 18. Nfxe5 c5 19. f4 Qe6 20. Qa2 Nfd7 21. Nd6
Qxa2 22. Rxa2 Nxe5 23. Nxc8 Bxc8 24. fxe5 Bxe5 25. c4 Be6 26. Bf1 Bd4+ 27. Kg2
Nd7 28. Bc1 Kg7 29. a5 Ne5 30. axb6 axb6 31. Ra4 Rd7 32. Bf4 g5 33. Bxe5+ Bxe5
34. Ra6 Rd6 35. Re3 Bd4 36. Rea3 Kf6 37. Ra8 Kg6 38. Rg8+ Bg7 39. Rd3 Rd4 40.
Rxd4 cxd4 41. c5 bxc5 42. b6 Kh7 43. Rxg7+ Kxg7 44. b7 c4 45. b8=Q d3 46. Qe5+
Kg6 47. Qc3 Kh7 48. Kf2 Kg6 49. Ke3 Kh7 50. Qf6 g4 51. Kd2 h5 52. Bg2 1-0

[Event "22. Aberto Xadrez Albariño"]
[Site "Cambados ESP"]
[Date "2006.08.05"]
[Round "1.16"]
[White "Bañobre Gonzalez, Francisco"]
[Black "Espiñeira Gonzalez, Pablo"]
[Result "0-1"]
[WhiteElo "1802"]
[BlackElo "2219"]
[PlyCount "88"]
[EventDate "2006.08.03"]
[EventType "swiss"]
[EventRounds "9"]
[EventCountry "ESP"]
[Source "lmi"]
[SourceDate "2006.08.11"]

1. e4 c5 2. Nf3 e6 3. c3 d5 4. exd5 Qxd5 5. d4 Nc6 6. Be2 Nf6 7. O-O cxd4 8.
cxd4 Be7 9. Nc3 Qa5 10. Bf4 O-O 11. a3 Nd5 12. Bd2 Nxc3 13. Bxc3 Qb6 14. Qc2
Rd8 15. Rad1 Bf6 16. Qe4 Ne7 17. Bd3 Ng6 18. h4 Bd7 19. h5 Bc6 20. Qg4 Bxf3 21.
gxf3 Rd5 22. f4 Ne7 23. Be4 Rd6 24. Bb4 Rxd4 25. Rxd4 Qxd4 26. Bc3 Qxe4 27.
Bxf6 Ng6 28. hxg6 gxf6 29. gxh7+ Kxh7 30. Qh4+ Kg7 31. Qg3+ Qg6 32. Kg2 Rd8 33.
f3 Rd2+ 34. Rf2 Rxf2+ 35. Kxf2 Qxg3+ 36. Kxg3 Kg6 37. Kg4 f5+ 38. Kh4 f6 39. b3
e5 40. Kg3 Kf7 41. Kf2 Ke6 42. Ke2 Kd5 43. Kd3 e4+ 44. fxe4+ fxe4+ 0-1

[Event "22. Aberto Xadrez Albariño"]
[Site "Cambados ESP"]
[Date "2006.08.04"]
[Round "2.4"]
[White "Nanu, Ciprian"]
[Black "Perez Fungueiro, Manuel"]
[Result "1-0"]
[WhiteElo "2457"]
[BlackElo "2194"]
[PlyCount "59"]
[EventDate "2006.08.03"]
[EventType "swiss"]
[EventRounds "9"]
[EventCountry "ESP"]
[Source "lmi"]
[SourceDate "2006.08.11"]

1. d4 Nf6 2. Nf3 c5 3. d5 e6 4. Nc3 b5 5. dxe6 fxe6 6. Nxb5 Qa5+ 7. Nc3 d5 8.
e3 Nbd7 9. Be2 Bd6 10. O-O a6 11. Ng5 Ke7 12. f4 h6 13. Nf3 Bb7 14. e4 Nxe4 15.
Nxe4 dxe4 16. Nh4 Nf8 17. Bc4 Qb4 18. Qe2 g6 19. Bd2 Qa4 20. b3 Qe8 21. Rad1
Rh7 22. f5 g5 23. Be3 Rc8 24. Qd2 Rc6 25. fxe6 Bxh2+ 26. Kxh2 Qb8+ 27. Kg1 gxh4
28. Bg5+ hxg5 29. Qxg5+ Ke8 30. Rxf8+ 1-0

[Event "22. Aberto Xadrez Albariño"]
[Site "Cambados ESP"]
[Date "2006.08.04"]
[Round "2.5"]
[White "Rodriguez Fontecha, Marcos"]
[Black "Rusev, Krasimir"]
[Result "1-0"]
[WhiteElo "2193"]
[BlackElo "2455"]
[PlyCount "75"]
[EventDate "2006.08.03"]
[EventType "swiss"]
[EventRounds "9"]
[EventCountry "ESP"]
[Source "lmi"]
[SourceDate "2006.08.11"]

1. d4 Nf6 2. Nf3 d5 3. Bf4 c5 4. c3 cxd4 5. cxd4 Qb6 6. Qb3 Qxb3 7. axb3 Nc6 8.
e3 Bf5 9. Bb5 Bxb1 10. Rxb1 Nd7 11. O-O e6 12. Rfc1 Rc8 13. Ra1 f6 14. Bxc6
bxc6 15. Rxa7 g5 16. Bg3 h5 17. h4 g4 18. Ne1 e5 19. Nd3 Bd6 20. b4 Kd8 21.
Rca1 Re8 22. Rb7 Rb8 23. Rxb8+ Bxb8 24. Nc5 Bd6 25. Ra6 Nb8 26. Ra7 Re7 27.
Nb7+ Rxb7 28. Rxb7 Nd7 29. b5 c5 30. Ra7 c4 31. Kf1 Bc7 32. Ra8+ Ke7 33. Rh8
Nf8 34. dxe5 fxe5 35. Rxh5 Kf6 36. b6 Bxb6 37. Rh6+ Ng6 38. h5 1-0

[Event "22. Aberto Xadrez Albariño"]
[Site "Cambados ESP"]
[Date "2006.08.04"]
[Round "2.6"]
[White "Dimitrov, Vladimir"]
[Black "Viela, Andre Filipe Folha"]
[Result "1-0"]
[WhiteElo "2454"]
[BlackElo "2157"]
[PlyCount "55"]
[EventDate "2006.08.03"]
[EventType "swiss"]
[EventRounds "9"]
[EventCountry "ESP"]
[Source "lmi"]
[SourceDate "2006.08.11"]

1. c4 c5 2. g3 g6 3. Bg2 Bg7 4. Nc3 Nc6 5. b3 b6 6. Bxc6 dxc6 7. Bb2 Nh6 8. Qc2
O-O 9. d3 Qc7 10. O-O-O Rd8 11. h3 e5 12. e3 Qe7 13. g4 f6 14. Nge2 Nf7 15. Ng3
Bb7 16. Qe2 Rd7 17. h4 Rad8 18. Kc2 Nd6 19. h5 Qe6 20. f3 Re7 21. Qh2 Kf7 22.
Nce4 Nxe4 23. Nxe4 Ree8 24. f4 Qxg4 25. fxe5 f5 26. Rdg1 Qxg1 27. Rxg1 fxe4 28.
hxg6+ 1-0

[Event "22. Aberto Xadrez Albariño"]
[Site "Cambados ESP"]
[Date "2006.08.04"]
[Round "2.7"]
[White "Pena Torres, Carlos"]
[Black "Starostits, Ilmars"]
[Result "0-1"]
[WhiteElo "2157"]
[BlackElo "2445"]
[PlyCount "73"]
[EventDate "2006.08.03"]
[EventType "swiss"]
[EventRounds "9"]
[EventCountry "ESP"]
[Source "lmi"]
[SourceDate "2006.08.11"]

1. e4 c6 2. d4 d5 3. Nc3 dxe4 4. Nxe4 Bf5 5. Ng3 Bg6 6. Nf3 Nd7 7. h4 h6 8. h5
Bh7 9. Bd3 Bxd3 10. Qxd3 Qc7 11. Bd2 Ngf6 12. O-O-O e6 13. Kb1 O-O-O 14. Ne4 c5
15. c3 c4 16. Qe2 Nxe4 17. Qxe4 Bd6 18. g3 Nf6 19. Qe2 b5 20. Rh4 Nd5 21. Rg4
Rhg8 22. Bc1 Kb8 23. Nd2 a6 24. Rh4 Be7 25. Rhh1 Rc8 26. Ne4 Rgd8 27. Qf3 f5
28. Nd2 b4 29. Rhe1 bxc3 30. bxc3 Rd6 31. Ka1 Qa5 32. Nb1 Rb6 33. Bf4+ Ka7 34.
Rd2 Bf6 35. Rc1 Rcc6 36. Rcc2 Rb3 37. Rb2 0-1

[Event "22. Aberto Xadrez Albariño"]
[Site "Cambados ESP"]
[Date "2006.08.04"]
[Round "2.9"]
[White "Rodriguez Calvo, Manoel"]
[Black "Espiñeira Gonzalez, Diego"]
[Result "1/2-1/2"]
[WhiteElo "2123"]
[BlackElo "2337"]
[PlyCount "48"]
[EventDate "2006.08.03"]
[EventType "swiss"]
[EventRounds "9"]
[EventCountry "ESP"]
[Source "lmi"]
[SourceDate "2006.08.11"]

1. Nf3 e6 2. c4 Nf6 3. Nc3 d5 4. d4 Be7 5. Bg5 Nbd7 6. e3 c6 7. Rc1 O-O 8. Qc2
Re8 9. a3 b6 10. Bd3 Bb7 11. cxd5 exd5 12. O-O h6 13. Bf4 Bf8 14. Ne5 Nxe5 15.
Bxe5 Ng4 16. Bg3 Bd6 17. Qe2 Bxg3 18. Qxg4 Bd6 19. Qf5 g6 20. Qf3 f5 21. g3 Kg7
22. Ne2 Qf6 23. Nf4 Rad8 24. Rfd1 Re7 1/2-1/2

[Event "22. Aberto Xadrez Albariño"]
[Site "Cambados ESP"]
[Date "2006.08.04"]
[Round "2.10"]
[White "Garcia Castro, Pablo"]
[Black "Viela, Marco Antonio Folha"]
[Result "1/2-1/2"]
[WhiteElo "2336"]
[BlackElo "2116"]
[PlyCount "70"]
[EventDate "2006.08.03"]
[EventType "swiss"]
[EventRounds "9"]
[EventCountry "ESP"]
[Source "lmi"]
[SourceDate "2006.08.11"]

1. g3 d5 2. Bg2 Nf6 3. Nf3 c5 4. O-O Nc6 5. d3 e5 6. Nc3 Be7 7. Bg5 Be6 8. e4
d4 9. Bxf6 Bxf6 10. Nd5 O-O 11. Nd2 Be7 12. c3 Qd7 13. a4 Bd8 14. Nc4 f6 15. f4
Ne7 16. fxe5 Nxd5 17. exd5 Bxd5 18. Nd6 Bxg2 19. Qb3+ Kh8 20. Kxg2 Bc7 21. cxd4
Bxd6 22. Qd5 Rad8 23. exd6 Qxd6 24. Qxd6 Rxd6 25. dxc5 Rxd3 26. Rae1 Kg8 27. b4
Kf7 28. Rf4 Rfd8 29. h4 Rc3 30. Rfe4 Rd2+ 31. Kh3 Rdd3 32. Re7+ Kf8 33. Re8+
Kf7 34. R8e7+ Kf8 35. Re8+ Kf7 1/2-1/2

[Event "22. Aberto Xadrez Albariño"]
[Site "Cambados ESP"]
[Date "2006.08.04"]
[Round "2.11"]
[White "Fernandez Fernandez, Juan Carlos"]
[Black "Sanchez Aller, Fernando"]
[Result "0-1"]
[WhiteElo "2105"]
[BlackElo "2299"]
[PlyCount "68"]
[EventDate "2006.08.03"]
[EventType "swiss"]
[EventRounds "9"]
[EventCountry "ESP"]
[Source "lmi"]
[SourceDate "2006.08.11"]

1. d4 Nf6 2. c4 g6 3. Nc3 Bg7 4. e4 d6 5. f3 O-O 6. Be3 Nbd7 7. Qd2 c5 8. Nge2
a6 9. Rd1 Qc7 10. Nc1 cxd4 11. Bxd4 Ne5 12. b3 e6 13. Be2 b6 14. O-O Bb7 15.
Nd3 Rad8 16. Na4 Ned7 17. Qb2 b5 18. cxb5 axb5 19. Rc1 Qa5 20. Bc3 Qa6 21. Nf2
Bc6 22. Bd4 Qb7 23. Nb6 e5 24. Nxd7 Rxd7 25. Bc3 b4 26. Bxb4 Qxb4 27. Rxc6 d5
28. Qxe5 dxe4 29. Nxe4 Nd5 30. Qg5 f5 31. Bc4 fxe4 32. Bxd5+ Kh8 33. Bxe4 Qd4+
34. Kh1 Qxe4 0-1

[Event "22. Aberto Xadrez Albariño"]
[Site "Cambados ESP"]
[Date "2006.08.04"]
[Round "2.12"]
[White "Rodriguez Lopez, Rafael"]
[Black "Garcia Del Campo, Luis A"]
[Result "1/2-1/2"]
[WhiteElo "2281"]
[BlackElo "2090"]
[PlyCount "74"]
[EventDate "2006.08.03"]
[EventType "swiss"]
[EventRounds "9"]
[EventCountry "ESP"]
[Source "lmi"]
[SourceDate "2006.08.11"]

1. d4 e6 2. c4 f5 3. Nf3 Nf6 4. e3 Be7 5. Bd3 O-O 6. O-O c5 7. Nc3 cxd4 8. exd4
d6 9. Re1 Nc6 10. d5 exd5 11. cxd5 Ne5 12. Nxe5 dxe5 13. Rxe5 Ng4 14. Re2 Bc5
15. Bf4 g5 16. Be3 Qd6 17. g3 Qh6 18. h4 Nxe3 19. fxe3 gxh4 20. Qe1 Qg5 21. Rg2
Bxe3+ 22. Kh1 h3 23. Re2 Bc5 24. Re8 Bd7 25. Rxa8 Rxa8 26. Bb5 Re8 27. Qf1 Bxb5
28. Qxb5 Qe3 29. Rf1 Bd4 30. d6 Bxc3 31. Qd5+ Qe6 32. Qxe6+ Rxe6 33. bxc3 Rxd6
34. Rxf5 Rd1+ 35. Kh2 Rd2+ 36. Kxh3 Rxa2 37. Rc5 a6 1/2-1/2

[Event "22. Aberto Xadrez Albariño"]
[Site "Cambados ESP"]
[Date "2006.08.03"]
[Round "2.13"]
[White "Herraiz Sierra, Ignacio"]
[Black "Padeiro, Jose Joao Tato"]
[Result "1/2-1/2"]
[WhiteElo "2061"]
[BlackElo "2275"]
[PlyCount "147"]
[EventDate "2006.08.03"]
[EventType "swiss"]
[EventRounds "9"]
[EventCountry "ESP"]
[Source "lmi"]
[SourceDate "2006.08.11"]

1. d4 c5 2. d5 d6 3. c4 e5 4. dxe6 Bxe6 5. e4 Nf6 6. Nc3 Nc6 7. Nf3 h6 8. h3
Be7 9. Bd3 O-O 10. Nd5 Nd7 11. O-O Nde5 12. Nxe5 dxe5 13. Qh5 Bg5 14. b3 Bxc1
15. Raxc1 Qg5 16. Qxg5 hxg5 17. Rfe1 Rfd8 18. Be2 Nd4 19. Ne3 g6 20. g4 f6 21.
Rb1 Kf7 22. Kg2 b6 23. Bf1 Bd7 24. b4 cxb4 25. Rxb4 Bc6 26. f3 Rac8 27. Rd1 Nc2
28. Rxd8 Nxe3+ 29. Kf2 Nxg4+ 30. hxg4 Rxd8 31. c5 bxc5 32. Rc4 Rd2+ 33. Ke3
Rxa2 34. Rxc5 Ra3+ 35. Kf2 Bd7 36. Rc7 Ke8 37. Bc4 Kd8 38. Rb7 Kc8 39. Rb1 a5
40. Rb6 Rc3 41. Bd5 Rc2+ 42. Ke3 Rc3+ 43. Kf2 f5 44. Rxg6 Rc2+ 45. Ke1 fxg4 46.
fxg4 Kc7 47. Rxg5 Kd6 48. Rg8 Rg2 49. g5 Kc5 50. g6 Kd4 51. Kf1 Rg5 52. Kf2 Bb5
53. g7 Bd7 54. Ra8 Rxg7 55. Rxa5 Rg4 56. Ra3 Bb5 57. Ra5 Rf4+ 58. Kg3 Bd3 59.
Ra4+ Ke3 60. Ra3 Rf3+ 61. Kg4 Rf4+ 62. Kg3 Kd4 63. Ra4+ Kc5 64. Ba8 Bb5 65. Ra1
Bc4 66. Rd1 Bb3 67. Rd2 Rf8 68. Bb7 Rb8 69. Bd5 Rd8 70. Kf3 Bxd5 71. Rxd5+ Rxd5
72. exd5 Kxd5 73. Ke3 e4 74. Ke2 1/2-1/2

[Event "22. Aberto Xadrez Albariño"]
[Site "Cambados ESP"]
[Date "2006.08.04"]
[Round "2.14"]
[White "Menendez Rey, Javier"]
[Black "Khodorov, Anatoli"]
[Result "1/2-1/2"]
[WhiteElo "2255"]
[BlackElo "2013"]
[PlyCount "99"]
[EventDate "2006.08.03"]
[EventType "swiss"]
[EventRounds "9"]
[EventCountry "ESP"]
[Source "lmi"]
[SourceDate "2006.08.11"]

1. e4 c6 2. d4 d5 3. Nd2 dxe4 4. Nxe4 Nf6 5. Nxf6+ gxf6 6. c3 Bf5 7. Ne2 e6 8.
Ng3 Bg6 9. h4 h5 10. Be2 Qa5 11. b4 Qd5 12. O-O Be7 13. Bb2 Nd7 14. Bf3 Qd6 15.
Nxh5 O-O-O 16. b5 c5 17. Bc1 Bxh5 18. Bxh5 Rdg8 19. Be3 Rg7 20. dxc5 Nxc5 21.
Qxd6 Bxd6 22. Bf3 Rxh4 23. g3 Rc4 24. Rfd1 Kc7 25. Bd4 e5 26. Bd5 Ra4 27. Be3
f5 28. Kf1 Ra3 29. Rac1 Ne4 30. Bb3 Bc5 31. Ke2 Bxe3 32. Kxe3 Ng5 33. Bd5 Kb6
34. Bc4 Ne4 35. Bb3 f6 36. c4 Rc7 37. g4 Nc5 38. Rd6+ Ka5 39. gxf5 Nxb3 40.
axb3 Rxb3+ 41. Ke4 Rf7 42. Kd5 Rf3 43. Rc2 Kb4 44. Ke6 Rf8 45. Ke7 Rh8 46. Rxf6
Rh4 47. Re2 Rxc4 48. Rxe5 Rc5 49. Rxc5 Kxc5 50. Ke6 1/2-1/2

[Event "22. Aberto Xadrez Albariño"]
[Site "Cambados ESP"]
[Date "2006.08.04"]
[Round "2.19"]
[White "Pombo Vidal, Francisco"]
[Black "Bañobre Gonzalez, Francisco"]
[Result "0-1"]
[WhiteElo "2012"]
[BlackElo "1802"]
[PlyCount "88"]
[EventDate "2006.08.03"]
[EventType "swiss"]
[EventRounds "9"]
[EventCountry "ESP"]
[Source "lmi"]
[SourceDate "2006.08.11"]

1. e4 c5 2. f4 Nc6 3. Nf3 g6 4. Be2 Bg7 5. O-O Nf6 6. d3 O-O 7. Qe1 Nd4 8. Bd1
Nxf3+ 9. Bxf3 d6 10. Nc3 Qb6 11. Kh1 Bd7 12. e5 dxe5 13. fxe5 Ng4 14. Bxg4 Bxg4
15. Qg3 Be6 16. Rb1 Rfd8 17. Bg5 Qc7 18. Rbe1 a6 19. Qh4 Rd7 20. Bf4 c4 21. Ne4
Qc6 22. Ng5 h5 23. dxc4 Bxc4 24. Rf2 Rad8 25. Nf3 Qc5 26. b3 Be6 27. c4 Qa3 28.
Ng5 Bf5 29. h3 Qa5 30. Rff1 Bd3 31. Rg1 Rd4 32. Qf2 Qc7 33. Be3 Qxe5 34. Bxd4
Qxg5 35. Bxg7 Kxg7 36. Qb6 Rd7 37. c5 Qf5 38. c6 bxc6 39. Qxc6 Bb5 40. Qc3+ Kh7
41. a4 Rd3 42. Qe5 Bc6 43. Kh2 Rxh3+ 44. gxh3 Qf2+ 0-1